000 00977nam a22001937a 4500
999 _c63385
_d63385
003 Ge_BSU
005 20250926195306.0
008 250926s1981 ge ||||| |||| 00| 0 geo d
041 _ageo
080 _a349.42(479.22) ლ-13
100 _aლაბარტყავა, აკ.
_925895
245 _aსაქართველოში საკოლმეურნეო კანონმდებლობის განვითარების საკითხებისათვის /
_cაკ. ლაბარტყავა; თბილ. სახელმწ. უნ-ტი.
264 _aთბ. :
_bთბილ. უნ-ტის გა-ბა,
_c1981.
300 _a222გვ. ;
_b21სმ.
520 _aრეზ. რუს.
653 _aსაქართველოს საკოლმეურნეო სამართალი.
710 _aთბილ. სახელმწ. უნ-ტი.
_925896
942 _2udc
_cᲬᲘᲒᲜᲘ